<?xml version="1.0" encoding="UTF-8"?>
<record
    xmlns:xsi="http://www.w3.org/2001/XMLSchema-instance"
    xsi:schemaLocation="http://www.loc.gov/MARC21/slim http://www.loc.gov/standards/marcxml/schema/MARC21slim.xsd"
    xmlns="http://www.loc.gov/MARC21/slim">

  <leader>01081nam0a2200289   4500</leader>
  <controlfield tag="001">RU\NLR\bibl\2608</controlfield>
  <controlfield tag="005">20260409063417.0</controlfield>
  <datafield tag="010" ind1=" " ind2=" ">
    <subfield code="a">5-7896-0002-6</subfield>
    <subfield code="9">10000</subfield>
  </datafield>
  <datafield tag="021" ind1=" " ind2=" ">
    <subfield code="a">RU</subfield>
    <subfield code="b">97-20529</subfield>
    <subfield code="9">845</subfield>
  </datafield>
  <datafield tag="035" ind1=" " ind2=" ">
    <subfield code="a">(NLR Aleph) 000002499</subfield>
  </datafield>
  <datafield tag="090" ind1=" " ind2=" ">
    <subfield code="a">4334</subfield>
    <subfield code="c">4334</subfield>
  </datafield>
  <datafield tag="100" ind1=" " ind2=" ">
    <subfield code="a">19980703d1997    |||y0rusy50      ca</subfield>
  </datafield>
  <datafield tag="101" ind1="0" ind2=" ">
    <subfield code="a">rus</subfield>
  </datafield>
  <datafield tag="102" ind1=" " ind2=" ">
    <subfield code="a">RU</subfield>
  </datafield>
  <datafield tag="105" ind1=" " ind2=" ">
    <subfield code="a">|||||||||||||</subfield>
  </datafield>
  <datafield tag="200" ind1="1" ind2=" ">
    <subfield code="a">&#x413;&#x440;&#x430;&#x436;&#x434;&#x430;&#x43D;&#x441;&#x43A;&#x438;&#x439; &#x43F;&#x440;&#x43E;&#x446;&#x435;&#x441;&#x441;&#x443;&#x430;&#x43B;&#x44C;&#x43D;&#x44B;&#x439; &#x43A;&#x43E;&#x434;&#x435;&#x43A;&#x441; &#x420;&#x421;&#x424;&#x421;&#x420;</subfield>
    <subfield code="e">&#x421; &#x438;&#x437;&#x43C;. &#x438; &#x434;&#x43E;&#x43F;. &#x43D;&#x430; 1 &#x434;&#x435;&#x43A;. 1996 &#x433;.</subfield>
  </datafield>
  <datafield tag="210" ind1=" " ind2=" ">
    <subfield code="a">&#x41C;.</subfield>
    <subfield code="c">&#x41F;&#x440;&#x43E;&#x441;&#x43F;&#x435;&#x43A;&#x442;</subfield>
    <subfield code="d">1997</subfield>
  </datafield>
  <datafield tag="215" ind1=" " ind2=" ">
    <subfield code="a">176 &#x441;.</subfield>
    <subfield code="d">22</subfield>
  </datafield>
  <datafield tag="606" ind1="0" ind2=" ">
    <subfield code="a">&#x413;&#x440;&#x430;&#x436;&#x434;&#x430;&#x43D;&#x441;&#x43A;&#x438;&#x439; &#x43F;&#x440;&#x43E;&#x446;&#x435;&#x441;&#x441;&#x443;&#x430;&#x43B;&#x44C;&#x43D;&#x44B;&#x439; &#x43A;&#x43E;&#x434;&#x435;&#x43A;&#x441;</subfield>
    <subfield code="y">&#x420;&#x43E;&#x441;&#x441;&#x438;&#x439;&#x441;&#x43A;&#x430;&#x44F; &#x424;&#x435;&#x434;&#x435;&#x440;&#x430;&#x446;&#x438;&#x44F;</subfield>
    <subfield code="9">2075486</subfield>
    <subfield code="3">RU\NLR\auth\661250561</subfield>
  </datafield>
  <datafield tag="686" ind1=" " ind2=" ">
    <subfield code="a">&#x425;629.2-324.9(2=&#x420;)</subfield>
  </datafield>
  <datafield tag="740" ind1=" " ind2="1">
    <subfield code="a">&#x420;&#x43E;&#x441;&#x441;&#x438;&#x439;&#x441;&#x43A;&#x430;&#x44F; &#x424;&#x435;&#x434;&#x435;&#x440;&#x430;&#x446;&#x438;&#x44F;</subfield>
    <subfield code="t">&#x417;&#x430;&#x43A;&#x43E;&#x43D;&#x44B;</subfield>
    <subfield code="i">&#x413;&#x440;&#x430;&#x436;&#x434;&#x430;&#x43D;&#x441;&#x43A;&#x438;&#x439; &#x43F;&#x440;&#x43E;&#x446;&#x435;&#x441;&#x441;&#x443;&#x430;&#x43B;&#x44C;&#x43D;&#x44B;&#x439; &#x43A;&#x43E;&#x434;&#x435;&#x43A;&#x441;</subfield>
    <subfield code="3">RU\NLR\AUTH\880379477</subfield>
    <subfield code="9">425338</subfield>
  </datafield>
  <datafield tag="801" ind1=" " ind2="0">
    <subfield code="a">RU</subfield>
    <subfield code="b">NLR</subfield>
    <subfield code="c">19980703</subfield>
    <subfield code="g">PSBO</subfield>
  </datafield>
  <datafield tag="801" ind1=" " ind2="1">
    <subfield code="a">RU</subfield>
    <subfield code="b">NLR</subfield>
    <subfield code="c">19980703</subfield>
  </datafield>
  <datafield tag="852" ind1=" " ind2=" ">
    <subfield code="a">NLR</subfield>
    <subfield code="j">97-5/1601</subfield>
  </datafield>
  <datafield tag="942" ind1=" " ind2=" ">
    <subfield code="c">BOOK</subfield>
  </datafield>
  <datafield tag="980" ind1=" " ind2=" ">
    <subfield code="a">NB</subfield>
  </datafield>
  <datafield tag="995" ind1=" " ind2=" ">
    <subfield code="5">2013-10-26</subfield>
    <subfield code="b">NLR01</subfield>
    <subfield code="c">NLR01</subfield>
    <subfield code="e">RF8</subfield>
    <subfield code="f">2499-10</subfield>
    <subfield code="k">97-5/1601</subfield>
    <subfield code="o">0</subfield>
    <subfield code="r">BOOK</subfield>
    <subfield code="s">9751601_</subfield>
  </datafield>
</record>
